Top 5 Madden Ratings on Each NFL team 2023-2024 - Statistics

General Stats
  • This quiz has been taken 366 times
  • The average score is 72 of 160
Answer Stats
Team Ovrall Position Answer % Correct
Arizona Cardinals 90 SS Budda Baker
90%
Philadelphia Eagles 95 WR A.J. Brown
85%
Detroit Lions 95 WR Amon-Ra St. Brown
84%
Carolina Panthers 89 RE Derrick Brown
84%
Arizona Cardinals 81 WR Marquise Brown
84%
New England Patriots 88 LT Trent Brown
77%
Buffalo Bills 92 QB Josh Allen
71%
Jacksonville Jaguars 91 ROLB Josh Allen
71%
Los Angeles Chargers 91 WR Keenan Allen
70%
Baltimore Ravens 98 QB Lamar Jackson
70%
Arizona Cardinals 80 TE Trey McBride
70%
Baltimore Ravens 95 MLB Roquan Smith
69%
Dallas Cowboys 95 LT Tyron Smith
69%
Baltimore Ravens 89 K Justin Tucker
67%
Baltimore Ravens 94 TE Mark Andrews
67%
Green Bay Packers 89 RB Aaron Jones
66%
Kansas City Chiefs 96 DT Chris Jones
66%
Buffalo Bills 92 WR Stefon Diggs
66%
Cincinnati Bengals 93 QB Joe Burrow
65%
Washington Commanders 89 DT Jonathan Allen
65%
Chicago Bears 89 WR DJ Moore
64%
Minnesota Vikings 87 SS Harrison Smith
64%
Atlanta Falcons 84 TE Kyle Pitts
64%
Las Vegas Raiders 94 WR Davante Adams
63%
Cincinnati Bengals 94 WR Ja'Marr Chase
63%
Cincinnati Bengals 91 RB Joe Mixon
63%
Dallas Cowboys 96 WR CeeDee Lamb
62%
Chicago Bears 88 CB Jaylon Johnson
62%
Cleveland Browns 90 WR Amari Cooper
61%
Cleveland Browns 98 DE Myles Garrett
61%
Cleveland Browns 96 HB Nick Chubb
61%
New England patriots 85 CB Jonathan Jones
60%
Las Vegas Raiders 90 RB Josh Jacobs
60%
Philadelphia Eagles 96 RT Lane Johnson
60%
Kansas City Chiefs 99 TE Travis Kelce
60%
San Francisco 49ers 98 LT Trent Williams
60%
Philadelphia Eagles 92 C Jason Kelce
59%
Minnesota Vikings 99 WR Justin Jefferson
59%
Dallas Cowboys 97 RE Micah Parsons
59%
Kansas City Chiefs 99 QB Patrick Mahomes
59%
Los Angeles Chargers 91 SS Derwin James Jr.
58%
Pittsburgh Steelers 83 WR Diontae Johnson
58%
Arizona Cardinals 83 RB James Connor
58%
Los Angeles Rams 84 RB Kyren Williams
58%
Baltimore Ravens 91 CB Marlon Humphrey
58%
Las Vegas Raiders 97 LE Maxx Crosby
58%
New York Jets 94 DT Quinnen Williams
58%
Detroit Lions 86 FS C.J. Gardener- Johnson
57%
Miami Dolphins 99 WR Tyreek Hill
57%
Dallas Cowboys 98 RG Zack Martin
57%
Los Angeles Rams 88 WR Cooper Kupp
56%
Cleveland Browns 89 TE David Njoku
55%
Miami Dolphins 97 CB Jalen Ramsey
55%
Buffalo Bills 90 CB Tre'Davious White
55%
Los Angeles Rams 99 RE Aaron Donald
54%
Kansas City Chiefs 91 C Creed Humphrey
54%
Tennessee Titans 89 WR DeAndre Hopkins
54%
New York Jets 85 WR Garrett Wilson
54%
San Francisco 49ers 97 TE George Kittle
54%
Los Angeles Rams 83 QB Matthew Stafford
54%
San Francisco 49ers 98 LE Nick Bosa
54%
Miami Dolphins 88 QB Tua Tagovailoa
54%
San Francisco 49ers 98 RB Christian McCaffrey
53%
Denver Broncos 84 WR Courtland Sutton
53%
Dallas Cowboys 92 LE DeMarcus Lawrencce
53%
Seattle Seahawks 86 WR D.K. Metcalf
53%
Pittsburgh Steelers 97 LOLB T.J. Watt
53%
Indianapolis Colts 87 RB Jonathan Taylor
52%
Denver Broncos 90 FS Justin Simmons
52%
Minnesota Vikings 90 TE T.J. Hockenson
52%
Tennessee Titans 94 RB Derrick Henry
51%
San Francisco 49ers 96 MLB Fred Warner
51%
Green Bay Packers 93 CB Jaire Alexander
51%
Tampa Bay Buccanears 91 WR Mike Evans
51%
Los Angeles Rams 84 WR Puka Nacua
51%
New York Giants 92 RB Saquan Barkley
51%
Cincinnati Bengals 89 RE Trey Hendrickson
51%
New Orleans Saints 86 RB Alvin Kamara
50%
Cleveland Browns 90 CB Denzel Ward
49%
Buffalo Bills 87 SS Jordan Poyer
49%
Houston Texans 83 WR Nico Collins
49%
Indianapolis Colts 86 WR Michael Pittman Jr.
48%
New York Jets 84 RB Breece Hall
47%
Los Angeles Chargers 90 ROLB Khalil Mack
47%
Seattle Seahawks 87 WR Tyler Lockett
47%
Detroit Lions 88 RE Aidan Hutchinson
46%
Atlanta Falcons 89 CB AJ Terrell Jr.
46%
Seattle Seahawks 88 MLB Bobby Wagner
46%
Jacksonville Jaguars 88 TE Evan Engram
46%
Washington Commanders 89 WR Terry McLaurin
46%
Buffalo Bills 88 RE Von Miller
45%
Carolina Panthers 87 ROLB Brian Burns
44%
Philadelphia Eagles 91 CB Darius Slay Jr.
44%
Houston Texans 84 SS Jimmie Ward
44%
Jacksonville Jaguars 88 RB Travis Etienne Jr.
44%
New Orleans Saints 92 MLB Demario Davis
43%
Atlanta Falcons 92 RG Chris Lindstrom
42%
Jacksonville Jaguars 85 WR Christian Kirk
42%
Las Vegas Raiders 82 WR Jakobi Meyers
42%
Las Vegas Raiders 86 LT Kolton Miller
41%
Houston Texans 94 LT Laremy Tunsil
41%
Detroit Lions 94 RT Penei Sewell
41%
New York Giants 85 TE Darren Waller
40%
New Orleans Saints 91 CB Marshon Lattimore
40%
Pittsburgh Steelers 93 SS Minkah Fitzpatrick
40%
Indianapolis Colts 90 LG Quenton Nelson
40%
Pittsburgh Steelers 91 RE Cameron Heyward
39%
Detroit Lions 92 C Frank Ragnow
38%
Tampa Bay Buccanears 90 DT Vita Vea
38%
Minnesota Vikings 89 LOLB Danielle Hunter
37%
Kansas City Chiefs 92 LG Joe Thuney
37%
New England Patriots 89 LOLB Matthew Judon
37%
Indianapolis Colts 86 DT DeForest Buckner
36%
Tampa Bay Buccanears 94 LT Tristan Wirfs
36%
Carolina Panthers 85 CB Jaycee Horn
35%
Houston Texans 87 CB Derek Stingley Jr.
34%
Miami Dolphins 93 LT Terron Armstead
34%
New York Giants 89 LT Andrew Thomas
32%
Tampa Bay Buccanears 92 FS Antoine Winfield Jr.
32%
Tampa Bay Buccanears 90 MLB Lavonte David
32%
New Orleans Saints 91 FS Tyrann Mathieu
32%
Chicago Bears 84 LE Montez Sweat
30%
Green Bay Packers 90 LT David Bakhtiari
28%
Seattle Seahawks 86 CB Tariq Woolen
27%
Atlanta Falcons 84 RE Grady Jarrett
26%
Green Bay Packers 85 LOLB Rashan Gary
25%
Los Angeles Chargers 89 LT Rashawn Slater
25%
Chicago Bears 85 MLB Tremaine Edmunds
25%
Arizona Cardinals 82 FS Jalen Thompson
24%
Carolina Panthers 84 MLB Shaq Thompson
24%
Miami Dolphins 88 FS Jevon Holland
23%
Minnesota Vikings 90 LT Christian Darrisaw
22%
Pittsburgh Steelers 88 ROLB Alex Highsmith
21%
Los Angeles Chargers 87 C Corey Linsley
21%
Green Bay Packers 87 LG Elgton Jenkins
19%
Cincinnati Bengals 87 DT D.J. Reader
18%
Denver Broncos 83 LT Garett Bolles
18%
New England Patriots 86 SS Jabrill Peppers
18%
New England Patriot 83 SS Kyle Dugger
18%
Washington Commanders 87 CB Kendall Fuller
17%
New Orleans Saints 89 RT Ryan Ramczyk
17%
New York Jets 96 CB Sauce Gardener
16%
Chicago Bears 83 ROLB T.J. Edwards
16%
Atlanta Falcons 97 FS Jesse Bates lll
15%
Tennessee Titans 80 K Nick Folk
15%
Denver Broncos 95 CB Patrick Surtain ll
15%
New York Jets 88 MLB C.J. Mosely
13%
Houston Texans 84 TE Dalton Shultz
12%
Jacksonville Jaguars 89 MLB Foyesade Oluokun
12%
New York Giants 95 DT Dexter Lawrence ll
11%
Tennessee Titans 82 P Ryan Stonehouse
11%
Seattle Seahawks 87 RB Kenneth Walker lll
10%
Indianapolis Colts 86 CB Kenny Moore ll
10%
Denver Broncos 82 LG Quinn Meinerz
9%
New York Giants 86 MLB Bobby Okereke
8%
Washington Commanders 82 SS Kareem Curl
8%
Philadelphia Eagles 90 FS Kevin Byard lll
6%
Washington Commanders 85 RG Sam Cosmi
6%
Carolina Panthers 83 WR Adam Theilan
5%
Tennessee Titans 87 RE Jeffery Simmonss
1%
No matching quizzes found
Score Distribution
Percent of People with Each Score
Percentile by Number Answered
Your Score History
You have not taken this quiz